Clue the simpsons [juego] /

Guardado en:
Formato: Objeto Físico
Publicado: Argentina : The toy company, c2005.
Materias:
Etiquetas: Agregar Etiqueta
Sin Etiquetas, Sea el primero en etiquetar este registro!
LEADER 00735nrm a22001575g 4500
001 CEM.cems019363
008 130507s2005##################0###0#####d
005 20220830165039.0
003 CEMS
245 0 0 |a Clue the simpsons [juego] /  |c Hasbro, Twentieth Century Fox 
260 |a Argentina :  |b The toy company,  |c c2005. 
300 |a 1 juego ( 1 tablero, 6 peones, 6 armas, 1 sobre confidencial, 21 cartas, block notas detective, 2 dados) ; en caja 29 x 36 x 6 cm. + manual de instrucciones. 
500 |a Para 2 a 6 jugadores a partir de 8 años objetivo: descubrir antes que los demás el contenido del sobre confidencial. 
082 0 4 |a J793.93 
653 |a 1. juegos de intriga y deducción 
859 |a CEMS  |b BIB. CEMS - Ludoteca  |h J793.93  |i H27  |p 338.07  |t Ej.1